000 00650nam a22001931c 4500
001 ht015192137
008 080305s2007 gw a||| 000u ger d
041 _ager
100 1 _aGeppert, Dominik
245 0 0 _aPressekriege :
_bÖffentlichkeit und Diplomatie in den deutsch-britischen Beziehungen (1896 - 1912) /
_cDominik Geppert
264 _aMünchen :
_bOldenbourg,
_c2007
300 _aVII, 490 S. : Ill
502 _aZugl.: Berlin, Freie Univ., Habil.-Schr., 2005
655 0 _aHochschulschrift
942 _cMG
040 _cRU-10907106
003 RU-10907106
999 _c14580
_d14580
490 0 _aVeröffentlichungen des Deutschen Historischen Instituts London
_v64